000 00697cam a22002051 4500
001 ltf91029350
003 DLC
005 20260227111552.0
008 910308s1919 mx 000 0 spa
010 _altf91029350
040 _aDLC
_cDLC
_dDLC
043 _an-mx---
050 0 0 _aKGF138.H54
_bA67 1919
245 0 3 _aLa aprehensión y detención del señor Adrian Jean, gerente de la Sociedad Veyan Jean y Cia., sociedad en comandita;
_bsu fuga y su extradición.
260 _aMéxico,
_bImpr. Victoria,
_c1919.
300 _a80 p. ;
_c23 cm.
610 2 0 _aCompañía de Hierro y Acero de México, S.A.
610 2 0 _aVeyan Jean y Compañía, S. en C.
650 0 _aBreach of contract
_zMexico.
999 _c37524
_d37524